[Event "DEM U10 2023"]
[Site "Willingen GER"]
[Date "2023.05.31"]
[Round "7"]
[White "Shivkumar, Shreyas"]
[Black "Baumann, Simon"]
[Result "1-0"]
[Termination "normal"]
[Board "16"]
[WhiteElo "1394"]
[BlackElo "1423"]
[WhiteClock "01:05:07"]
[BlackClock "00:35:21"]
[PlyCount "33"]
[WhiteFideId "34638407"]
[BlackFideId "34643664"]
[EventCountry "GER"]
[EventRounds "11"]
[EventType "swiss"]
[EventDate "2023.05.27"]

1. e4 {[%clk 01:15:58]} e5 {[%clk 01:15:55]} {[%emt 00:00:06]} 2. Nf3 {[%clk
01:16:21]} {[%emt 00:00:07]} Nc6 {[%clk 01:16:12]} {[%emt 00:00:12]} 3. Bc4
{[%clk 01:16:39]} {[%emt 00:00:11]} Bc5 {[%clk 01:16:33]} {[%emt 00:00:10]} 4.
c3 {[%clk 01:16:54]} {[%emt 00:00:15]} Nf6 {[%clk 01:16:46]} {[%emt 00:00:16]}
5. d4 {[%clk 01:17:16]} {[%emt 00:00:10]} exd4 {[%clk 01:17:00]} {[%emt
00:00:15]} 6. cxd4 {[%clk 01:17:39]} {[%emt 00:00:08]} Bb4+ {[%clk 01:17:13]}
{[%emt 00:00:17]} 7. Nc3 {[%clk 01:18:02]} {[%emt 00:00:06]} Nxe4 {[%clk
01:17:34]} {[%emt 00:00:09]} 8. O-O {[%clk 01:18:20]} {[%emt 00:00:12]} Bxc3
{[%clk 01:17:38]} {[%emt 00:00:26]} 9. d5 {[%clk 01:18:36]} {[%emt 00:00:15]}
Ne7 {[%clk 01:17:37]} {[%emt 00:00:30]} 10. bxc3 {[%clk 01:18:27]} {[%emt
00:00:39]} O-O {[%clk 00:56:47]} {[%emt 00:21:20]} 11. Re1 {[%clk 01:14:54]}
{[%emt 00:04:04]} Nd6 {[%clk 00:53:30]} {[%emt 00:03:46]} 12. Bd3 {[%clk
01:13:14]} {[%emt 00:02:10]} b6 {[%clk 00:46:25]} {[%emt 00:07:35]} 13. Bxh7+
{[%clk 01:11:17]} {[%emt 00:02:27]} Kxh7 {[%clk 00:46:17]} {[%emt 00:00:38]}
14. Ng5+ {[%clk 01:11:26]} {[%emt 00:00:21]} Kg6 {[%clk 00:43:20]} {[%emt
00:03:26]} 15. Qg4 {[%clk 01:11:19]} {[%emt 00:00:37]} f5 {[%clk 00:40:20]}
{[%emt 00:03:30]} 16. Qg3 {[%clk 01:10:32]} {[%emt 00:01:18]} Kf6 {[%clk
00:35:21]} {[%emt 00:05:29]} 17. Be3 {[%clk 01:05:07]} {[%emt 00:05:39]} 1-0

[Event "DEM U10 2023"]
[Site "Willingen GER"]
[Date "2023.05.31"]
[Round "7"]
[White "Sutharjan, Dakxwin"]
[Black "Wettstein, Levin"]
[Result "1/2-1/2"]
[Termination "normal"]
[Board "17"]
[WhiteElo "1438"]
[BlackElo "1416"]
[WhiteClock "00:13:49"]
[BlackClock "00:37:11"]
[PlyCount "106"]
[WhiteFideId "34606548"]
[BlackFideId "34635866"]
[EventCountry "GER"]
[EventRounds "11"]
[EventType "swiss"]
[EventDate "2023.05.27"]

1. e4 {[%clk 01:15:58]} {[%emt 00:00:01]} e5 {[%clk 01:15:56]} {[%emt
00:00:05]} 2. Nf3 {[%clk 01:16:03]} {[%emt 00:00:25]} Nc6 {[%clk 01:16:18]}
{[%emt 00:00:09]} 3. d4 {[%clk 01:16:24]} {[%emt 00:00:08]} exd4 {[%clk
01:16:42]} {[%emt 00:00:06]} 4. Bc4 {[%clk 01:16:43]} {[%emt 00:00:09]} Bb4+
{[%clk 01:17:00]} {[%emt 00:00:15]} 5. c3 {[%clk 01:16:58]} {[%emt 00:00:15]}
dxc3 {[%clk 01:17:20]} {[%emt 00:00:09]} 6. O-O {[%clk 01:17:12]} {[%emt
00:00:17]} h6 {[%clk 01:15:55]} {[%emt 00:01:55]} 7. Nxc3 {[%clk 01:15:26]}
{[%emt 00:02:16]} Bxc3 {[%clk 01:15:35]} {[%emt 00:00:50]} 8. bxc3 {[%clk
01:15:42]} {[%emt 00:00:13]} d6 {[%clk 01:15:05]} {[%emt 00:01:00]} 9. Qe2
{[%clk 01:07:16]} {[%emt 00:08:56]} Bg4 {[%clk 01:13:34]} {[%emt 00:02:01]} 10.
Bb5 {[%clk 01:04:09]} {[%emt 00:03:37]} a6 {[%clk 01:13:10]} {[%emt 00:00:55]}
11. Bxc6+ {[%clk 01:03:42]} {[%emt 00:00:56]} bxc6 {[%clk 01:13:31]} {[%emt
00:00:10]} 12. Qc4 {[%clk 01:02:19]} {[%emt 00:01:54]} c5 {[%clk 01:10:06]}
{[%emt 00:03:54]} 13. Qd3 {[%clk 00:59:03]} {[%emt 00:03:46]} Bxf3 {[%clk
01:07:20]} {[%emt 00:03:16]} 14. Qxf3 {[%clk 00:59:22]} {[%emt 00:00:10]} Qf6
{[%clk 01:07:12]} {[%emt 00:00:39]} 15. Qd3 {[%clk 00:59:07]} {[%emt 00:00:46]}
Qe5 {[%clk 01:05:06]} {[%emt 00:02:36]} 16. f4 {[%clk 00:58:48]} {[%emt
00:00:49]} Qe6 {[%clk 01:04:48]} {[%emt 00:00:47]} 17. e5 {[%clk 00:58:48]}
{[%emt 00:00:30]} dxe5 {[%clk 01:04:43]} {[%emt 00:00:35]} 18. fxe5 {[%clk
00:59:12]} {[%emt 00:00:06]} Rd8 {[%clk 01:04:13]} {[%emt 00:01:00]} 19. Qg3
{[%clk 00:57:36]} {[%emt 00:02:05]} Ne7 {[%clk 01:01:43]} {[%emt 00:03:00]} 20.
Ba3 {[%clk 00:51:20]} {[%emt 00:06:46]} Rd5 {[%clk 00:59:08]} {[%emt 00:03:05]}
21. Rae1 {[%clk 00:46:15]} {[%emt 00:05:35]} Ng6 {[%clk 00:55:01]} {[%emt
00:04:36]} 22. Rf3 {[%clk 00:45:20]} {[%emt 00:01:25]} O-O {[%clk 00:47:59]}
{[%emt 00:07:33]} 23. Rfe3 {[%clk 00:43:34]} {[%emt 00:02:16]} Re8 {[%clk
00:47:33]} {[%emt 00:00:56]} 24. c4 {[%clk 00:42:04]} {[%emt 00:02:01]} Rxe5
{[%clk 00:46:43]} {[%emt 00:01:19]} 25. Bxc5 {[%clk 00:41:09]} {[%emt
00:01:25]} Rxe3 {[%clk 00:44:04]} {[%emt 00:03:08]} 26. Rxe3 {[%emt 00:00:42]}
Qc6 {[%emt 00:01:02]} 27. Rxe8+ {[%clk 00:36:28]} {[%emt 00:03:27]} Qxe8 {[%clk
00:44:23]} {[%emt 00:00:11]} 28. h3 {[%clk 00:36:45]} {[%emt 00:00:13]} Qc6
{[%clk 00:44:02]} {[%emt 00:00:51]} 29. Qf2 {[%clk 00:31:26]} {[%emt 00:05:49]}
Qf6 {[%clk 00:33:27]} {[%emt 00:11:05]} 30. Qxf6 {[%clk 00:26:25]} {[%emt
00:05:31]} gxf6 {[%clk 00:33:48]} {[%emt 00:00:08]} 31. Be3 {[%clk 00:25:28]}
{[%emt 00:01:28]} Kg7 {[%clk 00:33:00]} {[%emt 00:01:18]} 32. Kf2 {[%clk
00:24:10]} {[%emt 00:01:49]} Ne5 {[%clk 00:33:11]} {[%emt 00:00:19]} 33. c5
{[%clk 00:23:30]} {[%emt 00:01:11]} c6 {[%clk 00:32:47]} {[%emt 00:00:53]} 34.
Bd4 {[%clk 00:12:30]} {[%emt 00:11:30]} Nd3+ {[%clk 00:30:00]} {[%emt
00:03:17]} 35. Ke3 {[%clk 00:11:32]} {[%emt 00:01:18]} Nb4 {[%clk 00:30:05]}
{[%emt 00:00:34]} 36. a4 {[%clk 00:09:44]} {[%emt 00:02:18]} Nc2+ {[%clk
00:30:23]} {[%emt 00:00:12]} 37. Ke4 {[%clk 00:09:40]} {[%emt 00:00:35]} Nxd4
{[%clk 00:30:45]} {[%emt 00:00:08]} 38. Kxd4 {[%clk 00:09:59]} {[%emt
00:00:11]} Kg6 {[%clk 00:30:33]} {[%emt 00:00:42]} 39. Ke4 {[%clk 00:08:52]}
{[%emt 00:01:37]} Kg5 {[%clk 00:27:52]} {[%emt 00:03:10]} 40. a5 {[%clk
00:05:49]} {[%emt 00:03:34]} h5 {[%clk 00:25:48]} {[%emt 00:02:34]} 41. g3
{[%clk 00:04:55]} {[%emt 00:01:24]} h4 {[%clk 00:20:50]} {[%emt 00:05:27]} 42.
gxh4+ {[%clk 00:04:49]} {[%emt 00:00:36]} Kxh4 {[%clk 00:21:13]} {[%emt
00:00:07]} 43. Kf5 {[%clk 00:05:15]} {[%emt 00:00:04]} Kxh3 {[%clk 00:21:19]}
{[%emt 00:00:23]} 44. Kxf6 {[%clk 00:05:06]} {[%emt 00:00:40]} Kg4 {[%clk
00:21:40]} {[%emt 00:00:08]} 45. Ke5 {[%clk 00:15:20]} {[%emt 00:05:16]} f5
{[%clk 00:36:46]} {[%emt 00:00:24]} 46. Kd6 {[%clk 00:15:46]} {[%emt 00:00:05]}
f4 {[%clk 00:37:10]} {[%emt 00:00:05]} 47. Kxc6 {[%clk 00:16:13]} {[%emt
00:00:03]} f3 {[%clk 00:37:32]} {[%emt 00:00:07]} 48. Kb7 {[%clk 00:15:45]}
{[%emt 00:01:00]} f2 {[%clk 00:37:51]} {[%emt 00:00:10]} 49. c6 {[%clk
00:16:03]} {[%emt 00:00:13]} f1=Q {[%clk 00:38:09]} {[%emt 00:00:11]} 50. c7
{[%clk 00:15:56]} {[%emt 00:00:37]} Qb5+ {[%clk 00:37:39]} {[%emt 00:01:00]}
51. Ka7 {[%clk 00:15:27]} {[%emt 00:01:00]} Qc5+ {[%clk 00:36:56]} {[%emt
00:01:13]} 52. Kb7 {[%clk 00:13:25]} {[%emt 00:02:33]} Qb5+ {[%clk 00:37:14]}
{[%emt 00:00:11]} 53. Ka7 {[%clk 00:13:49]} {[%emt 00:00:06]} Qc5+ {[%clk
00:37:11]} {[%emt 00:00:33]} 1/2-1/2

[Event "DEM U10 2023"]
[Site "Willingen GER"]
[Date "2023.05.31"]
[Round "7"]
[White "Hamann, Friedrich"]
[Black "Ziem, Ole"]
[Result "1-0"]
[Termination "normal"]
[Board "18"]
[WhiteElo "1404"]
[BlackElo "1312"]
[WhiteClock "00:02:43"]
[BlackClock "00:30:13"]
[PlyCount "79"]
[WhiteFideId "34622829"]
[BlackFideId "34624791"]
[EventCountry "GER"]
[EventRounds "11"]
[EventType "swiss"]
[EventDate "2023.05.27"]

1. e4 {[%clk 01:15:56]} {[%emt 00:00:03]} e5 {[%clk 01:15:53]} {[%emt
00:00:06]} 2. Nf3 {[%clk 01:16:15]} {[%emt 00:00:12]} Nc6 {[%clk 01:16:13]}
{[%emt 00:00:11]} 3. Bc4 {[%clk 01:16:33]} {[%emt 00:00:11]} Nf6 {[%clk
01:16:33]} {[%emt 00:00:10]} 4. Ng5 {[%clk 01:16:15]} {[%emt 00:00:48]} d5
{[%clk 01:16:25]} {[%emt 00:00:37]} 5. exd5 {[%clk 01:16:23]} {[%emt 00:00:23]}
Na5 {[%clk 01:16:49]} {[%emt 00:00:07]} 6. Bb5+ {[%clk 01:16:28]} {[%emt
00:00:24]} c6 {[%clk 01:17:13]} {[%emt 00:00:07]} 7. dxc6 {[%clk 01:16:34]}
{[%emt 00:00:23]} bxc6 {[%clk 01:17:38]} {[%emt 00:00:05]} 8. Qf3 {[%clk
01:15:14]} {[%emt 00:01:50]} h6 {[%clk 01:14:05]} {[%emt 00:04:04]} 9. Ne4
{[%clk 01:08:30]} {[%emt 00:07:13]} Bb7 {[%clk 00:59:53]} {[%emt 00:14:43]} 10.
Nxf6+ {[%clk 01:02:23]} {[%emt 00:06:36]} gxf6 {[%clk 00:57:52]} {[%emt
00:02:32]} 11. Ba4 {[%clk 00:58:55]} {[%emt 00:03:58]} Be7 {[%clk 00:50:08]}
{[%emt 00:08:14]} 12. d3 {[%clk 00:46:52]} {[%emt 00:12:33]} Qd4 {[%clk
00:43:11]} {[%emt 00:07:26]} 13. Qe4 {[%clk 00:39:19]} {[%emt 00:08:01]} Qxe4+
{[%clk 00:41:56]} {[%emt 00:01:48]} 14. dxe4 {[%clk 00:39:35]} {[%emt
00:00:13]} O-O-O {[%clk 00:42:13]} {[%emt 00:00:13]} 15. c3 {[%clk 00:25:53]}
{[%emt 00:14:12]} c5 {[%clk 00:37:42]} {[%emt 00:05:02]} 16. Nd2 {[%clk
00:23:34]} {[%emt 00:02:46]} Rhg8 {[%clk 00:37:04]} {[%emt 00:01:10]} 17. Rg1
{[%clk 00:15:42]} {[%emt 00:08:22]} Kb8 {[%clk 00:34:03]} {[%emt 00:03:32]} 18.
Bc2 {[%clk 00:09:44]} {[%emt 00:06:27]} h5 {[%clk 00:30:47]} {[%emt 00:03:46]}
19. a3 {[%clk 00:03:16]} {[%emt 00:06:58]} Nc6 {[%clk 00:30:38]} {[%emt
00:00:40]} 20. Nc4 {[%clk 00:02:25]} {[%emt 00:01:21]} Ba6 {[%clk 00:30:08]}
{[%emt 00:00:59]} 21. Ne3 {[%clk 00:02:16]} {[%emt 00:00:39]} h4 {[%clk
00:29:44]} {[%emt 00:00:54]} 22. Nf5 {[%clk 00:00:54]} {[%emt 00:01:52]} h3
{[%clk 00:29:57]} {[%emt 00:00:17]} 23. Nxe7 {[%clk 00:00:59]} {[%emt
00:00:25]} Nxe7 {[%emt 00:00:07]} 24. g3 {[%clk 00:01:10]} {[%emt 00:00:16]}
Bd3 {[%clk 00:30:39]} {[%emt 00:00:13]} 25. Bxd3 {[%clk 00:01:12]} {[%emt
00:00:28]} Rxd3 {[%clk 00:31:03]} {[%emt 00:00:07]} 26. Be3 {[%clk 00:01:16]}
{[%emt 00:00:26]} c4 {[%clk 00:31:13]} {[%emt 00:00:20]} 27. Ke2 {[%clk
00:01:19]} {[%emt 00:00:26]} Rgd8 {[%clk 00:31:20]} {[%emt 00:00:25]} 28. Rad1
{[%clk 00:01:25]} {[%emt 00:00:23]} Rxd1 {[%clk 00:31:19]} {[%emt 00:00:31]}
29. Rxd1 {[%clk 00:01:51]} {[%emt 00:00:05]} Rg8 {[%clk 00:31:09]} {[%emt
00:00:40]} 30. Rd7 {[%clk 00:01:52]} {[%emt 00:00:29]} Re8 {[%clk 00:31:04]}
{[%emt 00:00:35]} 31. Rxa7 {[%clk 00:01:02]} {[%emt 00:01:21]} f5 {[%clk
00:28:10]} {[%emt 00:03:24]} 32. exf5 {[%clk 00:00:47]} {[%emt 00:00:44]} Nxf5
{[%clk 00:28:34]} {[%emt 00:00:06]} 33. Rxf7 {[%clk 00:01:05]} {[%emt
00:00:12]} Nd6 {[%clk 00:28:44]} {[%emt 00:00:21]} 34. Rh7 {[%clk 00:01:04]}
{[%emt 00:00:30]} e4 {[%clk 00:28:36]} {[%emt 00:00:38]} 35. Bf4 {[%clk
00:01:04]} {[%emt 00:00:31]} Rd8 {[%clk 00:29:01]} {[%emt 00:00:06]} 36. Rh6
{[%clk 00:01:19]} {[%emt 00:00:15]} Kc7 {[%clk 00:29:20]} {[%emt 00:00:10]} 37.
Bxd6+ {[%clk 00:01:36]} {[%emt 00:00:13]} Rxd6 {[%clk 00:29:44]} {[%emt
00:00:06]} 38. Rxd6 {[%clk 00:02:01]} {[%emt 00:00:05]} Kxd6 {[%clk 00:30:03]}
{[%emt 00:00:11]} 39. Ke3 {[%clk 00:02:26]} {[%emt 00:00:06]} Ke5 {[%clk
00:30:13]} {[%emt 00:00:20]} 40. a4 {[%clk 00:02:43]} {[%emt 00:00:13]} 1-0

[Event "DEM U10 2023"]
[Site "Willingen GER"]
[Date "2023.05.31"]
[Round "7"]
[White "Prashanthakumar, Arnesh"]
[Black "Gendzelevsky, Stefan"]
[Result "1/2-1/2"]
[Termination "normal"]
[Board "19"]
[WhiteElo "1395"]
[BlackElo "1442"]
[WhiteClock "00:15:07"]
[BlackClock "00:15:44"]
[PlyCount "72"]
[WhiteFideId "34604073"]
[BlackFideId "34637672"]
[EventCountry "GER"]
[EventRounds "11"]
[EventType "swiss"]
[EventDate "2023.05.27"]

1. e4 {[%clk 01:15:57]} {[%emt 00:00:02]} e6 {[%clk 01:15:45]} {[%emt
00:00:16]} 2. d4 {[%clk 01:16:10]} {[%emt 00:00:17]} d5 {[%clk 01:16:10]}
{[%emt 00:00:05]} 3. Nc3 {[%clk 01:16:13]} {[%emt 00:00:27]} Bb4 {[%clk
01:16:30]} {[%emt 00:00:09]} 4. e5 {[%clk 01:15:52]} {[%emt 00:00:51]} Ne7
{[%clk 01:16:48]} {[%emt 00:00:13]} 5. Bd2 {[%clk 01:15:43]} {[%emt 00:00:39]}
c5 {[%clk 01:16:11]} {[%emt 00:01:07]} 6. Nf3 {[%clk 01:14:54]} {[%emt
00:01:18]} Nbc6 {[%clk 01:16:26]} {[%emt 00:00:16]} 7. dxc5 {[%clk 01:09:52]}
{[%emt 00:05:33]} Ng6 {[%clk 01:16:11]} {[%emt 00:00:45]} 8. Bb5 {[%clk
01:08:28]} {[%emt 00:01:54]} Qc7 {[%clk 01:15:24]} {[%emt 00:01:16]} 9. Bxc6+
{[%clk 01:04:38]} {[%emt 00:04:20]} bxc6 {[%clk 01:15:29]} {[%emt 00:00:27]}
10. Qe2 {[%clk 01:03:46]} {[%emt 00:01:21]} Bxc5 {[%clk 01:14:00]} {[%emt
00:02:00]} 11. O-O {[%clk 01:00:22]} {[%emt 00:03:53]} a5 {[%clk 01:13:47]}
{[%emt 00:00:44]} 12. Qd1 {[%clk 00:56:46]} {[%emt 00:04:06]} O-O {[%clk
01:14:00]} {[%emt 00:00:16]} 13. Re1 {[%clk 00:54:44]} {[%emt 00:02:32]} Rd8
{[%clk 01:12:51]} {[%emt 00:01:40]} 14. h3 {[%clk 00:45:56]} {[%emt 00:09:17]}
Qa7 {[%clk 01:05:35]} {[%emt 00:07:45]} 15. Rf1 {[%clk 00:44:06]} {[%emt
00:02:21]} Ba6 {[%clk 01:05:52]} {[%emt 00:00:14]} 16. Ne2 {[%clk 00:42:14]}
{[%emt 00:02:21]} Qc7 {[%clk 01:04:20]} {[%emt 00:02:02]} 17. Re1 {[%clk
00:38:37]} {[%emt 00:04:07]} Nxe5 {[%clk 00:56:54]} {[%emt 00:07:55]} 18. Nxe5
{[%clk 00:34:48]} {[%emt 00:04:19]} Qxe5 {[%clk 00:54:17]} {[%emt 00:03:08]}
19. Bxa5 {[%clk 00:32:07]} {[%emt 00:03:12]} Rd7 {[%clk 00:44:47]} {[%emt
00:09:59]} 20. Nc3 {[%clk 00:19:43]} {[%emt 00:12:53]} Qf4 {[%clk 00:30:00]}
{[%emt 00:15:15]} 21. Qf3 {[%clk 00:09:53]} {[%emt 00:10:22]} Qc4 {[%clk
00:12:58]} {[%emt 00:17:32]} 22. Rad1 {[%clk 00:05:38]} {[%emt 00:04:45]} Bc8
{[%clk 00:09:46]} {[%emt 00:03:41]} 23. b4 {[%clk 00:03:43]} {[%emt 00:02:26]}
Bxb4 {[%clk 00:08:58]} {[%emt 00:01:18]} 24. Bxb4 {[%clk 00:03:40]} {[%emt
00:00:33]} Qxb4 {[%clk 00:09:17]} {[%emt 00:00:11]} 25. Rb1 {[%clk 00:02:06]}
{[%emt 00:02:04]} Qd6 {[%clk 00:07:43]} {[%emt 00:02:04]} 26. Rb6 {[%clk
00:01:31]} {[%emt 00:01:06]} Rb8 {[%clk 00:07:49]} {[%emt 00:00:23]} 27. Rxb8
{[%clk 00:01:45]} {[%emt 00:00:16]} Qxb8 {[%clk 00:08:14]} {[%emt 00:00:05]}
28. Rb1 {[%clk 00:01:27]} {[%emt 00:00:48]} Rb7 {[%clk 00:08:39]} {[%emt
00:00:05]} 29. Rxb7 {[%clk 00:01:34]} {[%emt 00:00:23]} Bxb7 {[%clk 00:08:51]}
{[%emt 00:00:18]} 30. Qe3 {[%clk 00:01:06]} {[%emt 00:00:58]} e5 {[%clk
00:08:03]} {[%emt 00:01:18]} 31. Qb6 {[%clk 00:01:16]} {[%emt 00:00:20]} Qc8
{[%clk 00:07:00]} {[%emt 00:01:32]} 32. a4 {[%clk 00:01:12]} {[%emt 00:00:36]}
f6 {[%clk 00:07:17]} {[%emt 00:00:12]} 33. a5 {[%clk 00:01:02]} {[%emt
00:00:41]} Kf7 {[%clk 00:00:45]} {[%emt 00:07:01]} 34. Na4 {[%clk 00:00:44]}
{[%emt 00:00:49]} Qa8 {[%clk 00:00:35]} {[%emt 00:00:40]} 35. Nc5 {[%clk
00:00:37]} {[%emt 00:00:37]} Bc8 {[%clk 00:15:00]} {[%emt 00:00:34]} 36. a6
{[%clk 00:15:07]} {[%emt 00:01:01]} Bxa6 {[%clk 00:15:44]} {[%emt 00:00:15]}
1/2-1/2

[Event "DEM U10 2023"]
[Site "Willingen GER"]
[Date "2023.05.31"]
[Round "7"]
[White "Ishcenko, Volodymyr"]
[Black "Haas, Leandro"]
[Result "1-0"]
[Termination "normal"]
[Board "21"]
[WhiteElo "1220"]
[BlackElo "1337"]
[WhiteClock "00:50:18"]
[BlackClock "01:19:00"]
[PlyCount "82"]
[WhiteFideId "34660208"]
[BlackFideId "34632549"]
[EventCountry "GER"]
[EventRounds "11"]
[EventType "swiss"]
[EventDate "2023.05.27"]

1. e4 {[%clk 01:15:59]} {[%emt 00:00:02]} e6 {[%clk 01:15:55]} {[%emt
00:00:05]} 2. d4 {[%clk 01:16:21]} {[%emt 00:00:08]} d5 {[%clk 01:16:21]}
{[%emt 00:00:04]} 3. exd5 {[%clk 01:16:43]} {[%emt 00:00:09]} exd5 {[%clk
01:16:47]} {[%emt 00:00:05]} 4. Nf3 {[%clk 01:17:04]} {[%emt 00:00:08]} Nf6
{[%clk 01:17:11]} {[%emt 00:00:05]} 5. Nc3 {[%clk 01:16:37]} {[%emt 00:00:58]}
Bd6 {[%clk 01:17:35]} {[%emt 00:00:06]} 6. Be2 {[%clk 01:16:47]} {[%emt
00:00:20]} O-O {[%clk 01:17:57]} {[%emt 00:00:08]} 7. Bg5 {[%clk 01:16:43]}
{[%emt 00:00:34]} Nbd7 {[%clk 01:18:02]} {[%emt 00:00:27]} 8. Nxd5 {[%clk
01:16:29]} {[%emt 00:00:39]} c6 {[%clk 01:18:11]} {[%emt 00:00:25]} 9. Nxf6+
{[%clk 01:16:00]} {[%emt 00:00:57]} Nxf6 {[%clk 01:18:32]} 10. O-O {[%clk
01:14:24]} {[%emt 00:02:14]} h6 {[%clk 01:18:51]} 11. Bxf6 {[%clk 01:14:03]}
{[%emt 00:01:05]} Qxf6 {[%clk 01:19:15]} {[%emt 00:00:05]} 12. Re1 {[%clk
01:12:43]} {[%emt 00:01:50]} Bf5 {[%clk 01:19:32]} {[%emt 00:00:13]} 13. Bd3
{[%clk 01:11:12]} {[%emt 00:02:01]} Bg4 {[%clk 01:19:41]} {[%emt 00:00:21]} 14.
Be2 {[%clk 01:10:21]} {[%emt 00:01:19]} Rad8 {[%clk 01:18:50]} {[%emt
00:01:25]} 15. h3 {[%clk 01:10:03]} {[%emt 00:00:46]} Bxf3 {[%clk 01:19:15]}
{[%emt 00:00:05]} 16. Bxf3 {[%clk 01:10:13]} {[%emt 00:00:18]} Bc7 {[%clk
01:19:10]} {[%emt 00:00:38]} 17. c3 {[%clk 01:08:55]} {[%emt 00:01:48]} c5
{[%clk 01:18:49]} {[%emt 00:00:52]} 18. d5 {[%clk 01:07:13]} {[%emt 00:02:10]}
b6 {[%clk 01:18:03]} {[%emt 00:01:17]} 19. Qe2 {[%clk 01:00:53]} {[%emt
00:06:49]} Qf4 {[%clk 01:17:22]} {[%emt 00:01:12]} 20. g3 {[%clk 01:00:20]}
{[%emt 00:00:58]} Qf5 {[%clk 01:17:34]} {[%emt 00:00:23]} 21. Kg2 {[%clk
00:56:32]} {[%emt 00:04:16]} Qd7 {[%clk 01:17:18]} {[%emt 00:00:47]} 22. Qe7
{[%clk 00:54:18]} {[%emt 00:02:37]} Bd6 {[%clk 01:16:14]} {[%emt 00:01:42]} 23.
Qxd7 {[%clk 00:53:57]} {[%emt 00:00:52]} Rxd7 {[%clk 01:16:38]} {[%emt
00:00:05]} 24. a4 {[%clk 00:53:46]} {[%emt 00:00:41]} Re7 {[%clk 01:16:41]}
{[%emt 00:00:28]} 25. Rxe7 {[%clk 00:53:55]} {[%emt 00:00:19]} Bxe7 {[%emt
00:00:13]} 26. a5 {[%clk 00:53:59]} {[%emt 00:00:21]} f5 {[%clk 01:16:50]}
{[%emt 00:00:44]} 27. axb6 {[%clk 00:54:06]} {[%emt 00:00:24]} axb6 {[%clk
01:17:13]} {[%emt 00:00:07]} 28. Ra7 {[%clk 00:54:08]} {[%emt 00:00:25]} Re8
{[%clk 01:17:03]} {[%emt 00:00:42]} 29. Bh5 {[%clk 00:52:47]} {[%emt 00:01:48]}
Rd8 {[%clk 01:17:01]} {[%emt 00:00:36]} 30. Rxe7 {[%clk 00:53:04]} {[%emt
00:00:13]} Rxd5 {[%clk 01:17:21]} {[%emt 00:00:10]} 31. Bf7+ {[%clk 00:52:38]}
{[%emt 00:00:53]} Kf8 {[%clk 01:17:48]} {[%emt 00:00:06]} 32. Bxd5 {[%clk
00:52:54]} {[%emt 00:00:15]} Kxe7 {[%clk 01:18:12]} {[%emt 00:00:06]} 33. Kf3
{[%clk 00:52:01]} {[%emt 00:01:23]} Kf6 {[%clk 01:18:32]} {[%emt 00:00:10]} 34.
Bc4 {[%clk 00:51:45]} {[%emt 00:00:45]} g5 {[%clk 01:18:49]} {[%emt 00:00:13]}
35. g4 {[%clk 00:51:44]} {[%emt 00:00:30]} f4 {[%clk 01:19:12]} {[%emt
00:00:08]} 36. Ke4 {[%clk 00:52:02]} {[%emt 00:00:11]} b5 {[%clk 01:18:59]}
{[%emt 00:00:45]} 37. Bxb5 {[%clk 00:52:17]} {[%emt 00:00:14]} Ke6 {[%clk
01:19:11]} {[%emt 00:00:18]} 38. Bc4+ {[%clk 00:51:34]} {[%emt 00:01:12]} Kd6
{[%clk 01:18:33]} {[%emt 00:01:10]} 39. Kf5 {[%clk 00:50:27]} {[%emt 00:01:36]}
f3 {[%clk 01:18:52]} {[%emt 00:00:12]} 40. Ke4 {[%clk 00:50:41]} {[%emt
00:00:16]} Kc6 {[%clk 01:19:11]} {[%emt 00:00:12]} 41. b4 {[%clk 00:50:18]}
{[%emt 00:00:52]} cxb4 {[%clk 01:19:00]} {[%emt 00:00:18]} 1-0